000 00812nam a2200229Ia 4500
999 _c53754
_d53754
001 20802
003 GE_BSU
005 20221110135333.0
008 181216s2015||||enk|||||||||||||| ||eng||
020 _a9783659706394x
040 _cGE_BSU
041 _aeng
080 _a327 N-64
100 _aNikolaeva, Venera
_911408
245 _aRegional policy of the Eu :
_bNew Challenges in Absorption and Implementation of Structural Assistance /
_cVenera Nikolaeva.
264 _aGermany :
_bLAP Lambert Academic Publishing,
_c2015.
300 _a57 p. ;
_e23 cm.
653 _aRegional policy of the Eu : New Challenges in Absorption and Implementation of Structural Assistance
653 _aპოლიტიკა
653 _aრეგიონალური პოილიტიკა
942 _cBK
_2udc